The effect of lysine and methionine supplementation on pig grow rate at cheungchab village mongkolborey district bantey mean chey province, ឥទ្ធិពលនៃការបន្ថែម លីស៊ីន និងមេត្យូនីនក្នុងចំណីផ្សំលើការលូតលាស់របស់ជ្រូកកូនកាត់ នៅភូមិជើងចាប ស្រុកមង្គលបូរី ខេត្តបន្ទាយមាយជ័យ (Record no. 2344)

000 -LEADER
fixed length control field 00861nam a22001337a 4500
040 ## - CATALOGING SOURCE
Transcribing agency RUA
082 ## - DEWEY DECIMAL CLASSIFICATION NUMBER
Classification number AVM HEN 2009 B087 Or.1
100 ## - MAIN ENTRY--AUTHOR NAME
Personal name HENG, SOTHEARY.
245 ## - TITLE STATEMENT
Title The effect of lysine and methionine supplementation on pig grow rate at cheungchab village mongkolborey district bantey mean chey province, ឥទ្ធិពលនៃការបន្ថែម លីស៊ីន និងមេត្យូនីនក្នុងចំណីផ្សំលើការលូតលាស់របស់ជ្រូកកូនកាត់ នៅភូមិជើងចាប ស្រុកមង្គលបូរី ខេត្តបន្ទាយមាយជ័យ
260 ## - PUBLICATION, DISTRIBUTION, ETC. (IMPRINT)
Place of publication Phnom Penh
Name of publisher RUA
Year of publication 2009
300 ## - PHYSICAL DESCRIPTION
Number of Pages xi; 50p.
Other physical details ill.
Dimensions 29cm.
856 ## - ELECTRONIC LOCATION AND ACCESS
Uniform Resource Identifier https://drive.google.com/file/d/18-hoRDVOsyLxGJv-jZ98ZmSwgyjLhGow/view?usp=sharing
942 ## - ADDED ENTRY ELEMENTS (KOHA)
Koha item type AVM
952 ## - LOCATION AND ITEM INFORMATION (KOHA)
Withdrawn status [LOCAL, KOHA] 0
952 ## - LOCATION AND ITEM INFORMATION (KOHA)
Withdrawn status [LOCAL, KOHA] 0
952 ## - LOCATION AND ITEM INFORMATION (KOHA)
Withdrawn status [LOCAL, KOHA] 0
952 ## - LOCATION AND ITEM INFORMATION (KOHA)
Withdrawn status [LOCAL, KOHA] 0
952 ## - LOCATION AND ITEM INFORMATION (KOHA)
Withdrawn status [LOCAL, KOHA] 0
952 ## - LOCATION AND ITEM INFORMATION (KOHA)
Withdrawn status [LOCAL, KOHA] 0
952 ## - LOCATION AND ITEM INFORMATION (KOHA)
Withdrawn status [LOCAL, KOHA] 0
952 ## - LOCATION AND ITEM INFORMATION (KOHA)
Withdrawn status [LOCAL, KOHA] 0
952 ## - LOCATION AND ITEM INFORMATION (KOHA)
Withdrawn status [LOCAL, KOHA] 0
952 ## - LOCATION AND ITEM INFORMATION (KOHA)
Withdrawn status [LOCAL, KOHA] 0
952 ## - LOCATION AND ITEM INFORMATION (KOHA)
Withdrawn status [LOCAL, KOHA] 0
952 ## - LOCATION AND ITEM INFORMATION (KOHA)
Withdrawn status [LOCAL, KOHA] 0
Holdings
Permanent Location Date acquired Koha item type Lost status Shelving location Barcode Current Location Full call number
Library Block A2017-08-31AVM  A26644Library Block AAVM HEN 2009 B087 Or.10
Library Block B2015-10-19AVM B087RUA009336Library Block BAVM HEN 2009 B087 Or.1
Library Block B2015-10-19AVM B087RUA017635Library Block BAVM HEN 2009 B087 Or.2
Library Block B2015-10-20AVM B087RUA009741Library Block BAVM HEN 2009 B087 Or.3
Library Block B2015-10-20AVM B087RUA009472Library Block BAVM HEN 2009 B087 Or.4
Library Block B2015-10-21AVM B087RUA020046Library Block BAVM HEN 2009 B087 Or.5
Library Block B2015-10-21AVM B087RUA009232Library Block BAVM HEN 2009 B087 Or.6
Library Block B2015-10-21AVM B087RUA020045Library Block BAVM HEN 2009 B087 Or.7
Library Block B2015-10-21AVM B087RUA009085Library Block BAVM HEN 2009 B087 Or.8
Library Block B2015-10-21AVM B087RUA020066Library Block BAVM HEN 2009 B087 Or.9
Library Block B2019-05-28AVM B1.234A36575Library Block BAVM HEN 2009 B1.234 Or.1
Library Block B2019-06-11AVM B1.234A37680Library Block BAVM HEN 2009 B1.234 Or.1
មជ្ឈមណ្ឌលឯការនៃសាកលវិទ្យាល័យភូមិន្ទកសិកម្មចំការដូង

Powered by Koha